000 00624nam a2200241 a 4500
001 nice12345678
003 IN_TiNIC
005 20260116013714.0
008 050524s1994 newa grp 000 0 eng
020 _a8185990
_c100
082 0 0 _a954
_bKAK
100 _aKak, Subhash
245 _aIndia at Century`s End
_b Essays on History and Politics
260 _aNew Delhi
_bVoice of India
_c1994
300 _a214p
500 _aincludes index and biblioraphy
505 2 _aforword by mahmud ayoub
650 _aIndia-History
700 1 _aKak, Subhash
902 _bSRS
942 _cBK
999 _c12065
_d12065